[Event "Horgen CS"]
[Site "Horgen"]
[Date "1994.??.??"]
[Round "2"]
[White "Leko, Peter"]
[Black "Jussupow, Artur"]
[Result "1/2-1/2"]
[WhiteElo "2555"]
[BlackElo "2655"]
[Annotator "Wedberg,T"]
[PlyCount "101"]
[EventDate "1994.09.??"]
[EventType "tourn"]
[EventRounds "11"]
[EventCountry "SUI"]
[EventCategory "16"]
[SourceTitle "CBM 043"]
[Source "ChessBase"]
[SourceDate "1994.12.01"]
[SourceVersion "1"]
[SourceVersionDate "1994.12.01"]
[SourceQuality "1"]

1. e4 e5 2. Nf3 Nc6 3. Bb5 a6 4. Ba4 Nf6 5. O-O Nxe4 6. d4 b5 7. Bb3 d5 8. dxe5
Be6 9. c3 Bc5 10. Nbd2 O-O 11. Bc2 Nxf2 12. Rxf2 f6 13. exf6 Bxf2+ 14. Kxf2
Qxf6 15. Nf1 (15. Kg1) 15... Ne5 16. Be3 Rae8 17. Bc5 (17. Bd4 Qh4+ 18. Kg1
Nxf3+ 19. gxf3 Bf5 20. Bxf5 Rxf5 $44) 17... Nxf3 18. gxf3 Rf7 19. Ng3 $2 (19.
Kg2 h5 20. Qd3 Qg5+ 21. Kh1 Bf5 22. Qxd5 c6 23. Qxc6 Bd7 24. Qg6 Qxc5 25. Bb3
$16 {Kuprejcik-Shereshevskij/URS/1978}) 19... Bg4 $15 20. Kg1 Qxf3 21. Qxf3
Rxf3 22. Kg2 h5 23. Bg6 (23. Rf1 $2 Rxf1 24. Kxf1 h4 $19) (23. Bd1 $6 Rd3 24.
Bxg4 Rd2+ 25. Kh3 (25. Be2 $2 h4 $19) 25... hxg4+ 26. Kxg4 Rxh2 $17) 23... Re6
24. Bxh5 Rxg3+ 25. Kxg3 Bxh5 26. a4 Rg6+ 27. Kf2 Rf6+ 28. Kg2 bxa4 29. Rxa4
Bf3+ 30. Kg3 Be4 31. Bd4 Rg6+ 32. Kf4 Bd3 33. Ra1 Kf7 34. Rg1 $10 Rxg1 35. Bxg1
a5 36. Ke5 Bc4 37. Bc5 Ke8 38. h4 Kf7 39. Ba3 a4 40. Bc5 Kg6 41. Bf8 Bb3 42.
Be7 Bc4 43. Bf8 c6 44. Be7 Kh5 45. Kf4 Bb5 46. Bf8 Kg6 47. Ke5 Be2 48. Be7 Kh5
49. Kf4 Bd1 50. Bf8 g6 51. Be7 1/2-1/2

[Event "SWE-ch"]
[Site "Linkoping"]
[Date "2001.07.14"]
[Round "13"]
[White "Couso, Luis"]
[Black "Barkhagen, Jonas"]
[Result "1-0"]
[WhiteElo "2324"]
[BlackElo "2456"]
[Annotator "Ziegler,A"]
[PlyCount "71"]
[EventDate "2001.06.30"]
[EventType "tourn"]
[EventRounds "13"]
[EventCountry "SWE"]
[EventCategory "8"]
[SourceTitle "CBM 085"]
[Source "ChessBase"]
[SourceDate "2001.11.13"]
[SourceVersion "1"]
[SourceVersionDate "2001.11.13"]
[SourceQuality "1"]

1. e4 e5 2. Nf3 Nc6 3. Bb5 a6 4. Ba4 Nf6 5. O-O Nxe4 6. d4 b5 7. Bb3 d5 8. dxe5
Be6 9. c3 Be7 10. Nbd2 Nc5 11. Bc2 Bg4 12. Re1 d4 $6 {Här brukar man kunna en
sju, åta, nio, tio drag till. Det är förvånande att Jonas gör ett misstag så
tidigt in i huvudvarianten. Jonas spelade med mycket energi de åtta första
partierna. Sedan säkrade han GM-normen med en remi mot Anders Eriksson. Ett
viktigt mål var uppnått. Därefter kom någon form av urladdning mot Agrest.
Efter den förlusten fanns ingen energi kvar. Motivationsfaktorn är intressant.
En del spelare kan spela på samma nivå i evigheter, medans andra hänger med
huvudet vid första lilla motgång. Mitt mål är att utveckla en glädje till
schacket som alltid finns närvarande oavsett omständigheterna.} ({Här har
hundratals partier spelats med:} 12... O-O {eller:}) (12... Qd7) 13. h3 $6 (13.
Nb3 d3 14. Bb1 Nxb3 15. axb3 Bf5 16. Be3 O-O 17. Bd4 {Ger vit fördel.}) 13...
Bh5 14. cxd4 (14. Nb3 $1) 14... Nxd4 15. Bb1 {[#] Svart har lika spel.} Qd5 16.
g4 Bg6 17. Nxd4 Qxd4 18. Nb3 Qxd1 19. Rxd1 Na4 ({Ibland konstrar man. Enkelt
var:} 19... Nxb3 20. axb3 Bxb1 21. Rxb1 h5 22. g5 f6 23. gxf6 gxf6 24. exf6
Bxf6 {Vits bönder är svagare än svarts.}) 20. Na5 Rd8 21. Rxd8+ Kxd8 22. Bf5
Bxf5 23. gxf5 Kd7 24. b3 Bb4 $6 {Jonas vill vinna och anstränger sig lite för
hårt.} (24... Nb6) 25. Bd2 Bxa5 26. Bxa5 Nb6 27. Bxb6 cxb6 {[#] Vit har det
lättare spelet. Men det borde bli remi. Jonas kollapsar totalt. Efter partiet
sa han att han var helt slut. Han kom delad etta förra året och hade nog svårt
att kämpa för tredjeplatsen de senaste två ronderna. Det var kul att Luis vann.
Han har kämpat tappert hela turneringen.} 28. Rd1+ Kc7 29. f4 f6 30. Kg2 fxe5
31. fxe5 Rf8 32. Rf1 Kc6 33. Kg3 Kd7 34. Kf4 Ke7 35. Rc1 Kd7 36. e6+ 1-0